Расчет основных характеристик маховика параметрическими средствами T-Flex; Инженерия для освоения космоса

Podrobná bibliografie
Parent link:Инженерия для освоения космоса.— 2017.— [С. 52-54]
Hlavní autor: Индыгашева Н. С.
Korporativní autor: Национальный исследовательский Томский политехнический университет
Další autoři: Костюченко Т. Г. Тамара Георгиевна (научный руководитель)
Shrnutí:Заглавие с экрана
В статье представлен расчет основных характеристик маховика, таких как критическаяскорость вращения маховика и момент сопротивления. Была создана 3D-модель маховика, включающая параметрический расчет характеристик маховика. При изменении наружного радиуса маховика происходит перерасчет момента сопротивления.
The article provides calculation of the main flywheel characteristics, such as the critical flywheel speed and the moment of resistance. A 3D flywheel model was created, including a parametric recalculation of its characteristics. The reduction of the outer radius of the flywheel takes place the recalculation of the moment of resistance.
Jazyk:ruština
Vydáno: 2017
Edice:CAD, CAE, CAM и PLM системы для разработки космической техники
Témata:
On-line přístup:http://earchive.tpu.ru/handle/11683/41256
Médium: MixedMaterials Elektronický zdroj Kapitola
KOHA link:https://koha.lib.tpu.ru/cgi-bin/koha/opac-detail.pl?biblionumber=622611

MARC

LEADER 00000naa2a2200000 4500
001 622611
005 20260213134128.0
035 |a (RuTPU)RU\TPU\conf\21406 
035 |a RU\TPU\conf\21405 
090 |a 622611 
100 |a 20170628d2017 k y0rusy50 ca 
101 0 |a rus 
102 |a RU 
105 |a y z 101zy 
135 |a drgn ---uucaa 
181 0 |a i  
182 0 |a b 
200 1 |a Расчет основных характеристик маховика параметрическими средствами T-Flex  |d Calculation of the main characteristics of the flywheel by the parametric means of T-Flex  |f Н. С. Индыгашева  |g науч. рук. Т. Г. Костюченко 
203 |a Текст  |c электронный 
225 1 |a CAD, CAE, CAM и PLM системы для разработки космической техники 
300 |a Заглавие с экрана 
330 |a В статье представлен расчет основных характеристик маховика, таких как критическаяскорость вращения маховика и момент сопротивления. Была создана 3D-модель маховика, включающая параметрический расчет характеристик маховика. При изменении наружного радиуса маховика происходит перерасчет момента сопротивления. 
330 |a The article provides calculation of the main flywheel characteristics, such as the critical flywheel speed and the moment of resistance. A 3D flywheel model was created, including a parametric recalculation of its characteristics. The reduction of the outer radius of the flywheel takes place the recalculation of the moment of resistance. 
463 0 |0 (RuTPU)RU\TPU\conf\21387  |t Инженерия для освоения космоса  |o сборник научных трудов V Международного молодежного форума, г. Томск, 18-20 апреля 2017 г.  |f Национальный исследовательский Томский политехнический университет (ТПУ) ; под ред. В. Н. Борикова [и др.]  |v [С. 52-54]  |d 2017 
510 1 |a Calculation of the main characteristics of the flywheel by the parametric means of T-Flex  |z eng 
610 1 |a труды учёных ТПУ 
610 1 |a электронный ресурс 
610 1 |a маховики 
610 1 |a T-Flex CAD 
610 1 |a 3D-модели 
610 1 |a проектирование 
610 1 |a эмпирические зависимости 
700 1 |a Индыгашева  |b Н. С. 
702 1 |a Костюченко  |b Т. Г.  |c специалист в области приборостроения  |c доцент Томского политехнического университета, кандидат технических наук  |f 1956-  |g Тамара Георгиевна  |4 727 
712 0 2 |a Национальный исследовательский Томский политехнический университет  |c (2009- )  |9 26305 
801 2 |a RU  |b 63413507  |c 20170705  |g RCR 
856 4 |u http://earchive.tpu.ru/handle/11683/41256 
942 |c BK